Análisis de competitividad de la micro y pequeña empresa en la industria de concentrados
Presenta un análisis de competitividad del micro y pequeña empresa de la industria de comercio. Detalla el comportamiento que ha tenido durante los años anteriores la micro y pequeña empresa sus estadísticas, origen, causas y consecuencias que han atraído tanto al desarrollo como al descenso d...
| Main Author: | |
|---|---|
| Other Authors: | |
| Format: | Tesis Section = Libro |
| Language: | Undetermined Spanish |
| Published: |
Managua
UNI
1996
|
| Subjects: |
| LEADER | 01323nam a2200253Ia 4500 | ||
|---|---|---|---|
| 008 | 240830s9999 xx 000 0 und d | ||
| 040 | |a BIBLIOTECA-RUPAP Mon 658.4 D352 | ||
| 041 | |a spa | ||
| 082 | |a Mon 658.4 D352 | ||
| 100 | 1 | |a Delgado Castellón, Adriana | |
| 245 | 1 | 0 | |a Análisis de competitividad de la micro y pequeña empresa en la industria de concentrados |
| 260 | |a Managua |b UNI |c 1996 | ||
| 300 | |a 61 p. :il. | ||
| 500 | |a Contiene: bibliografía y anexos. | ||
| 502 | |a Tesis (Ingeniero Industrial)- UNI, 1996. | ||
| 520 | 3 | |a Presenta un análisis de competitividad del micro y pequeña empresa de la industria de comercio. Detalla el comportamiento que ha tenido durante los años anteriores la micro y pequeña empresa sus estadísticas, origen, causas y consecuencias que han atraído tanto al desarrollo como al descenso de algunas empresas, esto es debido a que son pocas las que desarrollan una planeación del diseño de acuerdo a su criterio y experiencia. | |
| 650 | 7 | |a PEQUEÑAS EMPRESAS - INDUSTRIA DE CONCENTRACION | |
| 650 | 7 | |b PROGRAMA DE FINANCIAMIENTO - MICRO Y PEQUEÑA EMPRESA | |
| 650 | 7 | |c ESTRATEGIAS DE COMPETITIVIDAD - MICRO Y PEQUEÑA EMPRESA | |
| 650 | 7 | |d SEGMENTACION DE MERCADO | |
| 700 | 1 | |a Tutor: |b Castillo, Oscar | |
| 942 | |c BK |2 ddc | ||
| 991 | |a TESIS | ||
| 999 | |c 17180 | ||